000 00308nam a2200121Ia 4500
008 180117s9999 xx 000 0 und d
100 _aby JOyce Reyes-Aguila
245 _aLess in more
260 _c2017
300 _a6-12 pages, 2017 January 8
440 _aPhilippine Panorama
650 _aTRENDS IN 2017
999 _c353553
_d353553